Examples in applied thermodynamics (Record no. 70644)

000 -LEADER
fixed length control field 00432nam a22001697a 4500
003 - CONTROL NUMBER IDENTIFIER
control field NUST - PNEC
005 - DATE AND TIME OF LATEST TRANSACTION
control field 20170116181145.0
008 - FIXED-LENGTH DATA ELEMENTS--GENERAL INFORMATION
fixed length control field 151008b xxu||||| |||| 00| 0 eng d
020 ## - INTERNATIONAL STANDARD BOOK NUMBER
International Standard Book Number -
040 ## - CATALOGING SOURCE
Transcribing agency LIBRARY
082 ## - DEWEY DECIMAL CLASSIFICATION NUMBER
Classification number 536.7076 PHI
100 ## - MAIN ENTRY--PERSONAL NAME
9 (RLIN) 14899
Personal name Phillips, John
245 ## - TITLE STATEMENT
Title Examples in applied thermodynamics
Statement of responsibility, etc. John,Phillips
260 ## - PUBLICATION, DISTRIBUTION, ETC.
Date of publication, distribution, etc. c 1960
650 ## - SUBJECT ADDED ENTRY--TOPICAL TERM
9 (RLIN) 14901
Topical term or geographic name entry element Thermodynamics
General subdivision General
942 ## - ADDED ENTRY ELEMENTS (KOHA)
Source of classification or shelving scheme
Koha item type Book
Holdings
Withdrawn status Lost status Source of classification or shelving scheme Damaged status Not for loan Permanent Location Current Location Shelving location Date acquired Total Checkouts Full call number Barcode Date last seen Price effective from Koha item type
          Pakistan Navy Engineering College (PNEC) Pakistan Navy Engineering College (PNEC)   10/08/2015   536.7076 PHI PNECLIB-004407 10/08/2015   Book
© 2023 Central Library, National University of Sciences and Technology. All Rights Reserved.